Ciudades más grandes de Andalucía - Estadísticas

Estadísticas generales
  • Esta prueba ha sido intentada 341 veces
  • La puntuación promedio es 17 de 20
Respuestas en el mapa
Las respuestas están codificadas por una escala verde-roja en el mapa de la prueba según el % correcto abajo.
 
Estadísticas de respuestas
Población Ciudad % Correcto
688.592 Sevilla
100%
116.027 Cádiz
99%
325.701 Córdoba
99%
232.462 Granada
99%
574.654 Málaga
99%
198.533 Almería
98%
143.663 Huelva
98%
112.999 Jaén
98%
212.749 Jerez de la Frontera
93%
143.386 Marbella
91%
133.968 Dos Hermanas
90%
121.957 Algeciras
86%
80.309 Fuengirola
75%
96.800 Roquetas de Mar
74%
94.979 San Fernando
71%
84.489 Chiclana de la Frontera
67%
88.405 El Puerto de Santa María
66%
83.594 El Ejido
63%
81.643 Vélez-Málaga
58%
82.742 Mijas
51%
No se encontraron pruebas coincidentes
Distribución de puntuación
Porcentaje de gente con cada puntuación
Porcentaje por número respondido
Historial de tus puntuaciones
No has intentado esta prueba.